000 00367nam a2200145Ia 4500
008 230711s9999||||xx |||||||||||||| ||und||
041 _aENG
082 _a720
_bBH-M
100 _aBhattacharya,A
245 0 _aMetal cutting theory and practice
250 _a1st
260 _c1984
_aCulcutta
_bNew Central Book Agency
650 _aMechanical Engineering
942 _cBK
999 _c1202
_d1202